| 000 | 01099nas1a22002411i 4500 | ||
|---|---|---|---|
| 001 | RU\NLR\Per\1106652 | ||
| 005 | 20260408121240.0 | ||
| 035 | _a(NLR Aleph) 010692826 | ||
| 090 |
_a9692417 _c9692417 |
||
| 100 | _a20150303a20149999|||y0rusy50 ca | ||
| 101 | 0 | _arus | |
| 102 | _aRU | ||
| 110 | _azu||||||||| | ||
| 200 | 1 |
_aВосточная перспектива _eсборник студенческих работ _fНац. исслед. ун-т "Высш. шк. экономики", Шк. востоковед. |
|
| 207 | 0 | _aВып. 1 (2014) - | |
| 210 |
_aМосква _cШкола востоковедения НИУ ВШЭ _d2014 - |
||
| 606 | 1 |
_aВостоковедение _jПериодические издания _91001606 _3RU\NLR\AUTH\6662213 |
|
| 686 | 1 | _aТ3(5)я54 | |
| 712 | 0 | 2 |
_4570 _a"Высшая школа экономики", национальный исследовательский университет _cМосква _bШкола востоковедения _3RU\NLR\AUTH\880396539 _9459672 |
| 852 |
_aNLR _jП22/9723 |
||
| 942 | _cCOLLECTION | ||
| 980 | _aRUSPER | ||